000 00277nam a2200121Ia 4500
008 190216s9999||||xx |||||||||||||| ||und||
100 _aBernard Shaw
245 0 _aArms And The Man
260 _bOrient Longman
_c1995
300 _a112p
650 _aEnglish Drama
942 _cBK
999 _c11851
_d11851